SECURITY AND SAFETY IN CRUISE TOURISM (Record no. 12158)
[ view plain ]
| 000 -LEADER | |
|---|---|
| fixed length control field | 00516nam a22001817a 4500 |
| 003 - CONTROL NUMBER IDENTIFIER | |
| control field | URS |
| 005 - DATE AND TIME OF LATEST TRANSACTION | |
| control field | 20220114162607.0 |
| 008 - FIXED-LENGTH DATA ELEMENTS--GENERAL INFORMATION | |
| fixed length control field | 191113b ||||| |||| 00| 0 eng d |
| 020 ## - INTERNATIONAL STANDARD BOOK NUMBER | |
| International Standard Book Number | 9788126150588 |
| 040 ## - CATALOGING SOURCE | |
| Original cataloging agency | DLC |
| Language of cataloging | ENGLISH |
| Transcribing agency | DMLUC |
| Modifying agency | URS |
| 082 ## - DEWEY DECIMAL CLASSIFICATION NUMBER | |
| Edition number | FIRST EDITION |
| 100 ## - MAIN ENTRY--PERSONAL NAME | |
| Personal name | HARMENDRA MALIK |
| 245 ## - TITLE STATEMENT | |
| Title | SECURITY AND SAFETY IN CRUISE TOURISM |
| Statement of responsibility, etc. | HARMENDRA MALIK |
| 250 ## - EDITION STATEMENT | |
| Edition statement | FIRST EDITION |
| 260 ## - PUBLICATION, DISTRIBUTION, ETC. | |
| Place of publication, distribution, etc. | INDIA |
| Name of publisher, distributor, etc. | ANMOL PUBLICATIONS PVT. LTD. |
| Date of publication, distribution, etc. | 2012 |
| 300 ## - PHYSICAL DESCRIPTION | |
| Extent | 3007 p |
| Other physical details | COLORED |
| 942 ## - ADDED ENTRY ELEMENTS (KOHA) | |
| Source of classification or shelving scheme | Library of Congress Classification |
| Koha item type | Books |
| Edition | FIRST EDITION |
| Withdrawn status | Source of classification or shelving scheme | Damaged status | Not for loan | Home library | Current library | Shelving location | Date acquired | Source of acquisition | Total Checkouts | Barcode | Date last seen | Price effective from | Koha item type |
|---|---|---|---|---|---|---|---|---|---|---|---|---|---|
| Library of Congress Classification | Angono College Library | Angono College Library | On Display | 11/13/2019 | Purchased | URSANG-3007 | 11/13/2019 | 11/13/2019 | Books |